[Event "NOR-ch qual-A"]
[Site "Oslo"]
[Date "2007.04.05"]
[Round "7"]
[White "Haugstad, Espen"]
[Black "Bryn, Thomas"]
[Result "1/2-1/2"]
[WhiteElo "1854"]
[BlackElo "2023"]
[PlyCount "120"]
[EventDate "2007.04.01"]
[EventType "swiss"]
[EventRounds "7"]
[EventCountry "NOR"]
[SourceTitle "EXT 2008"]
[Source "ChessBase"]
[SourceDate "2007.11.25"]
[SourceVersion "1"]
[SourceVersionDate "2007.11.25"]
[SourceQuality "1"]

1. e4 e5 2. Nf3 Nc6 3. Bb5 a6 4. Ba4 Nf6 5. 0-0 Be7 6. Re1 b5 7. Bb3 d6 8. c3 0-0 9. h3 Na5 10. Bc2 c5 11. d4 Qc7 12. Nbd2 cxd4 13. cxd4 Rd8 14. d5 Bd7 15. Nf1 Rdc8 16. Bd3 Nb7 17. Bd2 Nc5 18. Rc1 Qb7 19. Bb1 b4 20. Ng3 b3 21. axb3 Nxb3 22. Rxc8+ Rxc8 23. Bc3 Nc5 24. Bc2 Qb5 25. Qd2 Na4 26. Bd3 Qb6 27. Bb4 Rb8 28. Ba3 Kf8 29. Qe2 a5 30. Rc1 Qd8 31. Nxe5 Rc8 32. Rxc8 Qxc8 33. Nxd7+ Nxd7 34. Nf5 Qc1+ 35. Kh2 Ndc5 36. Nxe7 Kxe7 37. e5 Qf4+ 38. g3 Qd4 39. Bb5 Nb6 40. Bc6 Nxd5 41. Qf3 Nb4 42. Bxb4 axb4 43. exd6+ Kxd6 44. Bb5 Ke7 45. Qe3+ Qxe3 46. fxe3 Kd6 47. Kg2 Ke5 48. Kf3 Ne6 49. Bc4 Ng5+ 50. Kg2 Ke4 51. h4 Nf3 52. Kf2 Ne5 53. Bb3 Nd3+ 54. Kf1 Kxe3 55. Bxf7 Nxb2 56. Bd5 Nd3 57. Bg8 h6 58. Bh7 b3 59. Bg8 Nc1 60. Bh7 b2 1/2-1/2